[Event "DEM U18w 2017"]
[Site "Willingen GER"]
[Date "2017.06.05"]
[Round "3"]
[White "Schilay, Eva"]
[Black "Schulz, Theresa Charlotte"]
[Result "0-1"]
[Termination "normal"]
[Board "10"]
[WhiteElo "1665"]
[BlackElo "1595"]
[PlyCount "32"]
[WhiteFideId "12930164"]
[BlackFideId "12952206"]
[EventCountry "GER"]
[EventRounds "9"]
[EventType "swiss"]
[EventDate "2017.06.03"]

1. e4 c5 2. Nf3 d6 3. d4 cxd4 4. Nxd4 Nf6 5. Nc3 g6 6. Be3 Bg7 7. f3 O-O 8. Bc4
Nc6 9. Qd2 Bd7 10. O-O-O Qa5 11. h4 Rfc8 12. h5 Nxd4 13. Qxd4 Ng4 14. Qd5 Qxd5
15. Nxd5 Nxe3 16. Nxe3 Bh6 0-1

[Event "DEM U18w 2017"]
[Site "Willingen GER"]
[Date "2017.06.05"]
[Round "3"]
[White "Simon, Tessa"]
[Black "Silber, Stefanie"]
[Result "1-0"]
[Termination "normal"]
[Board "11"]
[WhiteElo "1882"]
[BlackElo "1644"]
[PlyCount "49"]
[WhiteFideId "12929395"]
[BlackFideId "12918245"]
[EventCountry "GER"]
[EventRounds "9"]
[EventType "swiss"]
[EventDate "2017.06.03"]

1. e4 c6 2. d4 d5 3. exd5 cxd5 4. c4 Nf6 5. Nc3 Nc6 6. Bg5 dxc4 7. d5 Ne5 8.
Qd4 Nd3+ 9. Bxd3 cxd3 10. Nf3 e6 11. Bxf6 Qxf6 12. Qxd3 Bd7 13. O-O g6 14. Nb5
Qd8 15. dxe6 Bxe6 16. Qc3 f6 17. Nc7+ Ke7 18. Nxe6 Kxe6 19. Nd4+ Kd7 20. Rad1
Qb6 21. Nb5+ Ke8 22. Nc7+ Kf7 23. Qc4+ Kg7 24. Rd7+ Kh6 25. Qh4# 1-0

[Event "DEM U18w 2017"]
[Site "Willingen GER"]
[Date "2017.06.05"]
[Round "3"]
[White "Fock, Amina"]
[Black "Shirov-Michna, Masza"]
[Result "1-0"]
[Termination "normal"]
[Board "12"]
[WhiteElo "1592"]
[BlackElo "1343"]
[PlyCount "71"]
[WhiteFideId "12981982"]
[BlackFideId "12921998"]
[EventCountry "GER"]
[EventRounds "9"]
[EventType "swiss"]
[EventDate "2017.06.03"]

1. e4 d5 2. exd5 Qxd5 3. Nc3 Qd8 4. d4 Nf6 5. Nf3 Bg4 6. Be2 e6 7. Be3 c6 8.
O-O Bd6 9. h3 Bxf3 10. Bxf3 O-O 11. Qd2 Nbd7 12. Rfe1 Qc7 13. Rad1 Rfd8 14. Qe2
Nd5 15. Bg5 Nxc3 16. bxc3 Rdc8 17. Rb1 Rab8 18. Be4 Qa5 19. Bd2 Nf6 20. Bd3 Qc7
21. Qf3 Rd8 22. Bg5 Be7 23. Bf4 Bd6 24. Bxd6 Qxd6 25. Rb3 b6 26. Rd1 Qc7 27. c4
g6 28. Qxf6 Rd7 29. Be4 Rbd8 30. Rbd3 Qb7 31. d5 exd5 32. cxd5 cxd5 33. Bf3 Rd6
34. Qe5 f6 35. Bxd5+ Rxd5 36. Rxd5 1-0

[Event "DEM U18w 2017"]
[Site "Willingen GER"]
[Date "2017.06.05"]
[Round "3"]
[White "Schiewe, Nadin"]
[Black "Caliebe, Nanke"]
[Result "1/2-1/2"]
[Termination "normal"]
[Board "13"]
[WhiteElo "1325"]
[BlackElo "1447"]
[PlyCount "76"]
[WhiteFideId "16209079"]
[BlackFideId "12980528"]
[EventCountry "GER"]
[EventRounds "9"]
[EventType "swiss"]
[EventDate "2017.06.03"]

1. f4 Nf6 2. e3 d5 3. d4 c6 4. Nf3 g6 5. Bd3 Bg7 6. Nbd2 O-O 7. h3 Nbd7 8. O-O
Qc7 9. Ne5 c5 10. c3 Bh6 11. Qe2 Rb8 12. b3 Nh5 13. Kh2 cxd4 14. cxd4 Bg7 15.
Bb2 Re8 16. Rac1 Qd6 17. Rc2 a6 18. Rfc1 Nf8 19. Qf2 f6 20. Nef3 Bh6 21. Kg1
Bd7 22. g4 Bxf4 23. exf4 Nxf4 24. Bf1 Bb5 25. Ne1 N8e6 26. a4 Ng5 27. Rc3 Bxf1
28. Qxf1 Nfxh3+ 29. Rxh3 Nxh3+ 30. Qxh3 Qb4 31. Qc3 Qb6 32. Nd3 Qe6 33. Nf2
Rbc8 34. Qd3 Rxc1+ 35. Bxc1 Qe1+ 36. Qf1 Qe3 37. Qd3 Qe1+ 38. Qf1 Qe3 1/2-1/2

[Event "DEM U18w 2017"]
[Site "Willingen GER"]
[Date "2017.06.06"]
[Round "4"]
[White "Wiesner, Paula"]
[Black "Weis, Olga"]
[Result "0-1"]
[Termination "normal"]
[Board "1"]
[WhiteElo "2061"]
[BlackElo "1871"]
[WhiteClock "00:05:20"]
[BlackClock "00:04:43"]
[PlyCount "86"]
[WhiteFideId "24654019"]
[BlackFideId "1270234"]
[EventCountry "GER"]
[EventRounds "9"]
[EventType "swiss"]
[EventDate "2017.06.03"]

1. d4 {[%clk 1:30:59]} 1... d5 {[%clk 1:30:51]} 2. c4 {[%clk 1:31:24]} 2... e6
{[%clk 1:31:09]} 3. Nc3 {[%clk 1:31:45]} 3... Nf6 {[%clk 1:31:24]} 4. cxd5 {
[%clk 1:32:11]} 4... exd5 {[%clk 1:31:48]} 5. Bg5 {[%clk 1:32:36]} 5... c6 {
[%clk 1:31:08]} 6. Qc2 {[%clk 1:31:32]} 6... Be7 {[%clk 1:31:14]} 7. e3 { [%clk
1:31:54]} 7... Nbd7 {[%clk 1:31:18]} 8. Bd3 {[%clk 1:32:14]} 8... Nh5 { [%clk
1:30:56]} 9. Bxe7 {[%clk 1:32:11]} 9... Qxe7 {[%clk 1:31:13]} 10. Nge2 { [%clk
1:32:10]} 10... g6 {[%clk 1:31:17]} 11. O-O {[%clk 1:30:28]} 11... O-O { [%clk
1:30:50]} 12. Rfe1 {[%clk 1:23:36]} 12... Nb6 {[%clk 1:29:07]} 13. Ng3 { [%clk
1:20:58]} 13... Ng7 {[%clk 1:26:54]} 14. e4 {[%clk 1:18:58]} 14... dxe4 { [%clk
1:18:13]} 15. Ncxe4 {[%clk 1:14:24]} 15... Be6 {[%clk 1:09:30]} 16. Qc5 { [%clk
1:06:40]} 16... Qh4 {[%clk 1:03:20]} 17. Rad1 {[%clk 0:52:29]} 17... Bxa2
{[%clk 0:56:00]} 18. Qe5 {[%clk 0:48:16]} 18... f6 {[%clk 0:51:53]} 19. Qe7 {
[%clk 0:45:22]} 19... Rf7 {[%clk 0:45:30]} 20. Qa3 {[%clk 0:43:11]} 20... Bd5 {
[%clk 0:43:22]} 21. Nc5 {[%clk 0:37:45]} 21... Qf4 {[%clk 0:37:09]} 22. Nge4 {
[%clk 0:31:56]} 22... f5 {[%clk 0:33:15]} 23. Nc3 {[%clk 0:30:11]} 23... Qxd4 {
[%clk 0:26:59]} 24. Ba6 {[%clk 0:24:14]} 24... Qg4 {[%clk 0:23:49]} 25. Nxd5 {
[%clk 0:24:22]} 25... bxa6 {[%clk 0:21:19]} 26. Ne3 {[%clk 0:21:45]} 26... Qg5
{[%clk 0:20:15]} 27. Nxa6 {[%clk 0:19:28]} 27... f4 {[%clk 0:19:25]} 28. Nc2 {
[%clk 0:17:41]} 28... f3 {[%clk 0:16:51]} 29. g3 {[%clk 0:16:15]} 29... Qh5 {
[%clk 0:12:58]} 30. Rd3 {[%clk 0:15:34]} 30... Raf8 {[%clk 0:11:44]} 31. Re4 {
[%clk 0:13:47]} 31... Qg5 {[%clk 0:07:12]} 32. b4 {[%clk 0:11:04]} 32... Nd5 {
[%clk 0:05:27]} 33. Nd4 {[%clk 0:09:46]} 33... Nf4 {[%clk 0:04:47]} 34. Nxf3 {
[%clk 0:07:43]} 34... Qg4 {[%clk 0:04:06]} 35. Kh1 {[%clk 0:07:19]} 35... Nxd3
{[%clk 0:03:24]} 36. Rxg4 {[%clk 0:07:06]} 36... Nxf2+ {[%clk 0:03:51]} 37. Kg2
{[%clk 0:07:29]} 37... Nxg4 {[%clk 0:04:18]} 38. Qb3 {[%clk 0:06:15]} 38... Kh8
{[%clk 0:04:31]} 39. Ng5 {[%clk 0:04:28]} 39... Rf2+ {[%clk 0:03:51]} 40. Kg1 {
[%clk 0:04:02]} 40... Rf1+ {[%clk 0:03:50]} 41. Kg2 {[%clk 0:04:28]} 41...
R8f2+ {[%clk 0:04:10]} 42. Kh3 {[%clk 0:04:54]} 42... Rxh2+ {[%clk 0:04:17]}
43. Kxg4 {[%clk 0:05:20]} 43... h5# {[%clk 0:04:43]} 0-1

[Event "DEM U18w 2017"]
[Site "Willingen GER"]
[Date "2017.06.06"]
[Round "4"]
[White "Diener, Carolin Valeria"]
[Black "Wächter, Nathalie"]
[Result "1/2-1/2"]
[Termination "normal"]
[Board "3"]
[WhiteElo "1909"]
[BlackElo "1994"]
[WhiteClock "00:10:22"]
[BlackClock "00:12:06"]
[PlyCount "98"]
[WhiteFideId "24699063"]
[BlackFideId "12921033"]
[EventCountry "GER"]
[EventRounds "9"]
[EventType "swiss"]
[EventDate "2017.06.03"]

1. e4 {[%clk 1:30:58]} 1... e6 {[%clk 1:30:56]} 2. Nc3 {[%clk 1:31:07]} 2... d5
{[%clk 1:31:07]} 3. Nf3 {[%clk 1:31:18]} 3... Nf6 {[%clk 1:30:47]} 4. e5 {
[%clk 1:31:35]} 4... Nfd7 {[%clk 1:31:12]} 5. d4 {[%clk 1:31:55]} 5... c5 {
[%clk 1:31:31]} 6. dxc5 {[%clk 1:32:12]} 6... Bxc5 {[%clk 1:31:20]} 7. Bd3 {
[%clk 1:32:18]} 7... Nc6 {[%clk 1:31:08]} 8. Bf4 {[%clk 1:32:27]} 8... Qb6 {
[%clk 1:22:25]} 9. O-O {[%clk 1:32:19]} 9... a6 {[%clk 1:19:54]} 10. a3 { [%clk
1:15:05]} 10... Be7 {[%clk 1:11:19]} 11. Qd2 {[%clk 1:11:28]} 11... Nc5 { [%clk
0:52:26]} 12. Ne2 {[%clk 1:05:59]} 12... Bd7 {[%clk 0:44:10]} 13. b4 { [%clk
0:54:59]} 13... Nxd3 {[%clk 0:41:19]} 14. cxd3 {[%clk 0:52:57]} 14... O-O
{[%clk 0:37:52]} 15. Rab1 {[%clk 0:47:33]} 15... f6 {[%clk 0:34:46]} 16. d4 {
[%clk 0:40:26]} 16... fxe5 {[%clk 0:28:59]} 17. Nxe5 {[%clk 0:36:25]} 17...
Nxe5 {[%clk 0:28:35]} 18. Bxe5 {[%clk 0:36:47]} 18... Bb5 {[%clk 0:27:38]} 19.
Rfc1 {[%clk 0:32:07]} 19... Bd6 {[%clk 0:25:52]} 20. Qg5 {[%clk 0:26:54]} 20...
Bxe5 {[%clk 0:25:50]} 21. Qxe5 {[%clk 0:27:18]} 21... Bxe2 {[%clk 0:18:53]} 22.
Qxe2 {[%clk 0:27:42]} 22... Qxd4 {[%clk 0:19:14]} 23. Qxe6+ {[%clk 0:28:07]}
23... Kh8 {[%clk 0:19:38]} 24. Qe2 {[%clk 0:25:36]} 24... Rae8 {[%clk 0:19:36]}
25. Qb2 {[%clk 0:24:20]} 25... Qg4 {[%clk 0:15:41]} 26. h3 {[%clk 0:18:52]}
26... Qf4 {[%clk 0:11:59]} 27. Rd1 {[%clk 0:17:35]} 27... Rf5 {[%clk 0:08:40]}
28. Rd4 {[%clk 0:13:50]} 28... Qe5 {[%clk 0:05:57]} 29. Rbd1 {[%clk 0:08:38]}
29... Ref8 {[%clk 0:04:26]} 30. f3 {[%clk 0:06:03]} 30... Qe3+ {[%clk 0:03:54]}
31. Kh1 {[%clk 0:06:04]} 31... Qe5 {[%clk 0:01:17]} 32. Qd2 {[%clk 0:05:42]}
32... Rd8 {[%clk 0:01:14]} 33. f4 {[%clk 0:04:31]} 33... Qe6 {[%clk 0:00:56]}
34. g4 {[%clk 0:04:30]} 34... Rff8 {[%clk 0:01:03]} 35. Rxd5 {[%clk 0:03:49]}
35... Rxd5 {[%clk 0:01:17]} 36. Qxd5 {[%clk 0:04:12]} 36... Qe3 {[%clk 0:01:40]
} 37. Qd3 {[%clk 0:01:03]} 37... Qxf4 {[%clk 0:01:48]} 38. Qe2 {[%clk 0:00:45]}
38... Qg3 {[%clk 0:01:45]} 39. Rd3 {[%clk 0:00:53]} 39... Qf4 {[%clk 0:01:32]}
40. Kg2 {[%clk 0:00:36]} 40... Qc7 {[%clk 0:01:25]} 41. Re3 {[%clk 0:24:24]}
41... Qc6+ {[%clk 0:30:19]} 42. Kg3 {[%clk 0:21:45]} 42... h6 {[%clk 0:27:15]}
43. Qd2 {[%clk 0:17:39]} 43... Qc4 {[%clk 0:20:18]} 44. Rf3 {[%clk 0:13:14]}
44... Qc7+ {[%clk 0:20:00]} 45. Kg2 {[%clk 0:13:03]} 45... Qc6 {[%clk 0:18:56]}
46. Qc3 {[%clk 0:10:59]} 46... Qe4 {[%clk 0:13:13]} 47. Qd3 {[%clk 0:10:35]}
47... Qc6 {[%clk 0:12:59]} 48. Qc3 {[%clk 0:10:47]} 48... Qd5 {[%clk 0:12:17]}
49. Qd3 {[%clk 0:10:22]} 49... Qc6 {[%clk 0:12:06]} 1/2-1/2

[Event "DEM U18w 2017"]
[Site "Willingen GER"]
[Date "2017.06.06"]
[Round "4"]
[White "Wallat, Jessica"]
[Black "Moses, Selina"]
[Result "0-1"]
[Termination "normal"]
[Board "4"]
[WhiteElo "1706"]
[BlackElo "1948"]
[WhiteClock "00:31:38"]
[BlackClock "00:30:52"]
[PlyCount "106"]
[WhiteFideId "12909637"]
[BlackFideId "12908070"]
[EventCountry "GER"]
[EventRounds "9"]
[EventType "swiss"]
[EventDate "2017.06.03"]

1. e4 {[%clk 1:30:58]} 1... c5 {[%clk 1:30:55]} 2. Nf3 {[%clk 1:31:23]} 2... d6
{[%clk 1:31:20]} 3. d4 {[%clk 1:31:47]} 3... cxd4 {[%clk 1:31:45]} 4. Nxd4 {
[%clk 1:32:12]} 4... Nf6 {[%clk 1:32:09]} 5. Nc3 {[%clk 1:32:33]} 5... a6 {
[%clk 1:32:32]} 6. f4 {[%clk 1:32:40]} 6... e6 {[%clk 1:32:03]} 7. Qf3 { [%clk
1:32:38]} 7... Qc7 {[%clk 1:30:44]} 8. Bd3 {[%clk 1:32:04]} 8... b5 { [%clk
1:29:12]} 9. Be3 {[%clk 1:27:09]} 9... Bb7 {[%clk 1:26:51]} 10. O-O { [%clk
1:24:42]} 10... Nbd7 {[%clk 1:15:50]} 11. a3 {[%clk 1:12:27]} 11... Nc5 { [%clk
1:00:18]} 12. Rae1 {[%clk 1:05:03]} 12... Be7 {[%clk 0:51:08]} 13. Bf2 { [%clk
0:50:14]} 13... O-O {[%clk 0:33:10]} 14. Qh3 {[%clk 0:45:58]} 14... e5 { [%clk
0:28:40]} 15. Nf5 {[%clk 0:39:14]} 15... Bc8 {[%clk 0:21:44]} 16. Qg3 { [%clk
0:26:43]} 16... Bxf5 {[%clk 0:21:46]} 17. exf5 {[%clk 0:26:40]} 17... exf4
{[%clk 0:19:47]} 18. Qxf4 {[%clk 0:26:45]} 18... Nxd3 {[%clk 0:20:08]} 19. cxd3
{[%clk 0:26:33]} 19... Rae8 {[%clk 0:19:36]} 20. g4 {[%clk 0:25:06]} 20... Qd8
{[%clk 0:13:56]} 21. g5 {[%clk 0:18:07]} 21... Nd7 {[%clk 0:13:39]} 22. h4
{[%clk 0:16:07]} 22... Ne5 {[%clk 0:13:30]} 23. Re3 {[%clk 0:15:36]} 23... f6 {
[%clk 0:12:56]} 24. Rg3 {[%clk 0:15:00]} 24... fxg5 {[%clk 0:12:46]} 25. hxg5 {
[%clk 0:15:07]} 25... Bxg5 {[%clk 0:13:06]} 26. Qb4 {[%clk 0:11:50]} 26... Rxf5
{[%clk 0:11:58]} 27. Ne4 {[%clk 0:10:42]} 27... Be7 {[%clk 0:10:06]} 28. Qc3 {
[%clk 0:09:02]} 28... Qc8 {[%clk 0:08:06]} 29. Qc1 {[%clk 0:07:46]} 29... Rf3 {
[%clk 0:07:39]} 30. Kh2 {[%clk 0:06:07]} 30... Rxd3 {[%clk 0:06:09]} 31. Rxd3 {
[%clk 0:05:41]} 31... Nxd3 {[%clk 0:06:32]} 32. Qd2 {[%clk 0:05:35]} 32... Ne5
{[%clk 0:05:43]} 33. Qd5+ {[%clk 0:05:23]} 33... Kh8 {[%clk 0:05:33]} 34. Nxd6
{[%clk 0:05:07]} 34... Bxd6 {[%clk 0:05:21]} 35. Qxd6 {[%clk 0:05:22]} 35...
Ng4+ {[%clk 0:04:24]} 36. Kg3 {[%clk 0:03:50]} 36... Nxf2 {[%clk 0:04:47]} 37.
Rxf2 {[%clk 0:03:39]} 37... Qb8 {[%clk 0:04:53]} 38. Qxb8 {[%clk 0:03:17]}
38... Rxb8 {[%clk 0:05:21]} 39. Rc2 {[%clk 0:03:11]} 39... h6 {[%clk 0:05:19]}
40. b4 {[%clk 0:02:35]} 40... Rb6 {[%clk 0:05:35]} 41. Kf4 {[%clk 0:02:25]}
41... Kh7 {[%clk 0:02:13]} 42. Rc7 {[%clk 0:02:33]} 42... Kg6 {[%clk 0:02:34]}
43. Ke5 {[%clk 0:02:40]} 43... h5 {[%clk 0:02:29]} 44. Kd5 {[%clk 0:02:30]}
44... h4 {[%clk 0:02:07]} 45. Rc1 {[%clk 0:02:26]} 45... Kh5 {[%clk 0:01:22]}
46. Rg1 {[%clk 0:01:10]} 46... g5 {[%clk 0:01:15]} 47. Ke5 {[%clk 0:01:21]}
47... g4 {[%clk 0:30:22]} 48. Kf5 {[%clk 0:31:22]} 48... Rg6 {[%clk 0:30:45]}
49. Kf4 {[%clk 0:31:14]} 49... h3 {[%clk 0:30:13]} 50. Rh1 {[%clk 0:31:14]}
50... Kh4 {[%clk 0:30:29]} 51. Rg1 {[%clk 0:31:28]} 51... g3 {[%clk 0:30:48]}
52. Re1 {[%clk 0:31:31]} 52... g2 {[%clk 0:30:26]} 53. Rg1 {[%clk 0:31:38]}
53... h2 {[%clk 0:30:52]} 0-1

[Event "DEM U18w 2017"]
[Site "Willingen GER"]
[Date "2017.06.06"]
[Round "4"]
[White "Schumann, Rabea"]
[Black "Sewald, Kathrin"]
[Result "1/2-1/2"]
[Termination "normal"]
[Board "5"]
[WhiteElo "1858"]
[BlackElo "1902"]
[WhiteClock "00:03:03"]
[BlackClock "00:06:53"]
[PlyCount "78"]
[WhiteFideId "12918199"]
[BlackFideId "12964557"]
[EventCountry "GER"]
[EventRounds "9"]
[EventType "swiss"]
[EventDate "2017.06.03"]

1. c4 {[%clk 1:30:56]} 1... e5 {[%clk 1:30:55]} 2. Nc3 {[%clk 1:31:15]} 2... d6
{[%clk 1:31:00]} 3. g3 {[%clk 1:31:08]} 3... g6 {[%clk 1:31:08]} 4. Bg2 { [%clk
1:28:01]} 4... Bg7 {[%clk 1:29:28]} 5. e4 {[%clk 1:27:17]} 5... Nc6 { [%clk
1:27:43]} 6. Nge2 {[%clk 1:26:16]} 6... Nge7 {[%clk 1:27:34]} 7. d3 { [%clk
1:26:17]} 7... O-O {[%clk 1:26:49]} 8. O-O {[%clk 1:25:31]} 8... Be6 { [%clk
1:26:07]} 9. Rb1 {[%clk 1:21:28]} 9... a5 {[%clk 1:23:47]} 10. a3 { [%clk
1:17:50]} 10... f5 {[%clk 1:20:03]} 11. Nd5 {[%clk 1:12:57]} 11... h6 { [%clk
1:16:26]} 12. f4 {[%clk 1:10:05]} 12... Qd7 {[%clk 1:05:54]} 13. b4 { [%clk
1:01:34]} 13... axb4 {[%clk 1:05:04]} 14. Nxb4 {[%clk 0:56:02]} 14... fxe4
{[%clk 1:01:24]} 15. Bxe4 {[%clk 0:55:19]} 15... Bg4 {[%clk 0:59:30]} 16. Nxc6
{[%clk 0:48:17]} 16... Nxc6 {[%clk 0:58:44]} 17. Qe1 {[%clk 0:47:25]} 17... Bh3
{[%clk 0:53:21]} 18. Bg2 {[%clk 0:38:32]} 18... Bxg2 {[%clk 0:53:36]} 19. Kxg2
{[%clk 0:38:57]} 19... Qf5 {[%clk 0:53:05]} 20. Rxb7 {[%clk 0:32:33]} 20...
Qxd3 {[%clk 0:52:58]} 21. Rxc7 {[%clk 0:31:41]} 21... Qxc4 { [%clk 0:51:37]}
22. Rf3 {[%clk 0:28:33]} 22... e4 {[%clk 0:50:06]} 23. Re3 { [%clk 0:17:39]}
23... d5 {[%clk 0:48:41]} 24. Qd2 {[%clk 0:14:04]} 24... Rab8 { [%clk 0:43:03]}
25. a4 {[%clk 0:10:30]} 25... Rfe8 {[%clk 0:40:13]} 26. Rxg7+ { [%clk 0:07:00]}
26... Kxg7 {[%clk 0:39:42]} 27. Rc3 {[%clk 0:04:06]} 27... Qa6 {[%clk 0:33:35]}
28. f5 {[%clk 0:03:11]} 28... g5 {[%clk 0:30:54]} 29. h4 { [%clk 0:02:32]}
29... e3 {[%clk 0:25:51]} 30. Rxe3 {[%clk 0:02:36]} 30... Rxe3 {[%clk 0:25:53]}
31. Qxe3 {[%clk 0:02:56]} 31... Qxa4 {[%clk 0:17:29]} 32. hxg5 {[%clk 0:03:06]}
32... Qe4+ {[%clk 0:15:45]} 33. Qxe4 {[%clk 0:03:23]} 33... dxe4 {[%clk
0:16:11]} 34. gxh6+ {[%clk 0:03:44]} 34... Kf6 {[%clk 0:15:10]} 35. g4 {[%clk
0:04:00]} 35... Ne5 {[%clk 0:12:41]} 36. g5+ {[%clk 0:03:17]} 36... Kxf5 {[%clk
0:12:56]} 37. Ng3+ {[%clk 0:03:41]} 37... Kg6 {[%clk 0:12:24]} 38. Nxe4 {[%clk
0:03:54]} 38... Nf7 {[%clk 0:12:04]} 39. Kg3 {[%clk 0:03:03]} 39... Kf5 {[%clk
0:06:53]} 1/2-1/2

[Event "DEM U18w 2017"]
[Site "Willingen GER"]
[Date "2017.06.06"]
[Round "4"]
[White "Yi, Wendy"]
[Black "Halas, Julia"]
[Result "1/2-1/2"]
[Termination "normal"]
[Board "6"]
[WhiteElo "1693"]
[BlackElo "1855"]
[WhiteClock "00:06:28"]
[BlackClock "00:01:12"]
[PlyCount "83"]
[WhiteFideId "16224850"]
[BlackFideId "12931810"]
[EventCountry "GER"]
[EventRounds "9"]
[EventType "swiss"]
[EventDate "2017.06.03"]

1. e4 {[%clk 1:30:56]} 1... e6 {[%clk 1:30:55]} 2. d4 {[%clk 1:31:23]} 2... d5
{[%clk 1:31:21]} 3. Nd2 {[%clk 1:31:44]} 3... Nf6 {[%clk 1:31:46]} 4. e5 {
[%clk 1:31:44]} 4... Nfd7 {[%clk 1:32:11]} 5. Bd3 {[%clk 1:31:37]} 5... c5 {
[%clk 1:32:03]} 6. c3 {[%clk 1:31:12]} 6... Nc6 {[%clk 1:31:30]} 7. Ne2 { [%clk
1:29:12]} 7... cxd4 {[%clk 1:29:36]} 8. cxd4 {[%clk 1:27:15]} 8... f6 { [%clk
1:29:44]} 9. exf6 {[%clk 1:27:24]} 9... Nxf6 {[%clk 1:30:01]} 10. Nf3 { [%clk
1:23:13]} 10... Bd6 {[%clk 1:29:15]} 11. O-O {[%clk 1:20:42]} 11... Qc7 { [%clk
1:26:47]} 12. g3 {[%clk 1:09:07]} 12... O-O {[%clk 1:26:40]} 13. Bf4 { [%clk
1:03:25]} 13... Bxf4 {[%clk 1:06:33]} 14. Nxf4 {[%clk 1:03:24]} 14... Ne4
{[%clk 0:52:40]} 15. Bxe4 {[%clk 0:54:08]} 15... dxe4 {[%clk 0:52:59]} 16. Ng5
{[%clk 0:54:18]} 16... Qd6 {[%clk 0:37:23]} 17. Qh5 {[%clk 0:46:09]} 17... h6 {
[%clk 0:36:15]} 18. Nxe4 {[%clk 0:45:25]} 18... Qxd4 {[%clk 0:35:48]} 19. Qe2 {
[%clk 0:39:44]} 19... Qb6 {[%clk 0:30:34]} 20. Rad1 {[%clk 0:32:35]} 20... Nd4
{[%clk 0:21:47]} 21. Qc4 {[%clk 0:28:16]} 21... Nf3+ {[%clk 0:21:52]} 22. Kg2 {
[%clk 0:27:17]} 22... Ne5 {[%clk 0:18:50]} 23. Qc3 {[%clk 0:26:22]} 23... Nf7 {
[%clk 0:16:45]} 24. Rd2 {[%clk 0:20:09]} 24... e5 {[%clk 0:12:30]} 25. Nd5 {
[%clk 0:19:58]} 25... Qe6 {[%clk 0:12:42]} 26. Qd3 {[%clk 0:15:00]} 26... Qh3+
{[%clk 0:11:58]} 27. Kh1 {[%clk 0:14:36]} 27... Bf5 {[%clk 0:11:38]} 28. Ne7+ {
[%clk 0:10:33]} 28... Kh8 {[%clk 0:11:40]} 29. Nxf5 {[%clk 0:07:15]} 29... Qxf5
{[%clk 0:12:06]} 30. Qe3 {[%clk 0:07:15]} 30... Rac8 {[%clk 0:10:10]} 31. Rfd1
{[%clk 0:07:10]} 31... Rc4 {[%clk 0:10:04]} 32. Nd6 {[%clk 0:06:15]} 32... Nxd6
{[%clk 0:10:23]} 33. Rxd6 {[%clk 0:06:41]} 33... Qxf2 {[%clk 0:10:00]} 34. Qxf2
{[%clk 0:04:59]} 34... Rxf2 {[%clk 0:10:24]} 35. R6d2 {[%clk 0:05:15]} 35...
Rd4 {[%clk 0:07:50]} 36. Rxf2 {[%clk 0:05:09]} 36... Rxd1+ {[%clk 0:08:16]} 37.
Kg2 {[%clk 0:05:34]} 37... e4 {[%clk 0:07:18]} 38. Re2 {[%clk 0:05:35]} 38...
Rd3 {[%clk 0:02:14]} 39. Kf2 {[%clk 0:05:46]} 39... Rf3+ {[%clk 0:01:56]} 40.
Kg2 {[%clk 0:06:04]} 40... Rd3 {[%clk 0:01:49]} 41. Kf2 {[%clk 0:06:28]} 41...
Rf3+ {[%clk 0:01:12]} 42. Kg2 1/2-1/2

[Event "DEM U18w 2017"]
[Site "Willingen GER"]
[Date "2017.06.06"]
[Round "4"]
[White "Ley, Sabrina"]
[Black "Leser, Katrin"]
[Result "1-0"]
[Termination "normal"]
[Board "7"]
[WhiteElo "1888"]
[BlackElo "1912"]
[PlyCount "49"]
[WhiteFideId "12938130"]
[BlackFideId "12997692"]
[EventCountry "GER"]
[EventRounds "9"]
[EventType "swiss"]
[EventDate "2017.06.03"]

1. d4 d5 2. c4 e6 3. Nc3 Be7 4. cxd5 exd5 5. Nf3 Nf6 6. Bg5 c6 7. Qc2 Na6 8. a3
g6 9. e3 Bf5 10. Bd3 Bxd3 11. Qxd3 O-O 12. O-O Ne4 13. Bh6 Re8 14. Nxe4 dxe4
15. Qxe4 Bxa3 16. Qc2 Bf8 17. Bxf8 Kxf8 18. Ne5 Qd5 19. Qa4 c5 20. Nd7+ Kg7 21.
Rfd1 cxd4 22. Rxd4 Qe6 23. Rad1 Rec8 24. Rf4 Nc5 25. Qd4+ 1-0

[Event "DEM U18w 2017"]
[Site "Willingen GER"]
[Date "2017.06.06"]
[Round "4"]
[White "Schulz, Theresa Charlotte"]
[Black "Simon, Tessa"]
[Result "1/2-1/2"]
[Termination "normal"]
[Board "8"]
[WhiteElo "1595"]
[BlackElo "1882"]
[PlyCount "92"]
[WhiteFideId "12952206"]
[BlackFideId "12929395"]
[EventCountry "GER"]
[EventRounds "9"]
[EventType "swiss"]
[EventDate "2017.06.03"]

1. e4 e5 2. Nf3 Nc6 3. d4 exd4 4. Bc4 Bc5 5. c3 d6 6. cxd4 Bb6 7. h3 Nf6 8. O-O
O-O 9. Re1 Nxe4 10. Rxe4 d5 11. Bg5 f6 12. Bxf6 Rxf6 13. Bb3 Bf5 14. Re2 Ne7
15. Nc3 c6 16. Nh4 Qd7 17. Ne4 Rh6 18. Nf3 Ng6 19. Qd2 Bxh3 20. Qxh6 gxh6 21.
Nf6+ Kf7 22. Nxd7 Bxd7 23. Bc2 Rd8 24. Rae1 Ba5 25. Rb1 Nf4 26. Re3 Ng6 27. b4
Bc7 28. Rbe1 Bf4 29. Bxg6+ hxg6 30. Re7+ Kg8 31. Ne5 Bxe5 32. R1xe5 a6 33. Re3
b6 34. Rf3 Bf5 35. Ra7 c5 36. bxc5 bxc5 37. dxc5 d4 38. Rxf5 gxf5 39. Kf1 Rc8
40. Rxa6 Rxc5 41. Rxh6 d3 42. Ke1 Rc1+ 43. Kd2 Rc2+ 44. Kxd3 Rxf2 45. Rh5 Rxg2
46. Rxf5 Rxa2 1/2-1/2

[Event "DEM U18w 2017"]
[Site "Willingen GER"]
[Date "2017.06.06"]
[Round "4"]
[White "Klenk, Sofie"]
[Black "Schilay, Eva"]
[Result "1/2-1/2"]
[Termination "normal"]
[Board "9"]
[WhiteElo "1876"]
[BlackElo "1665"]
[PlyCount "119"]
[WhiteFideId "12996653"]
[BlackFideId "12930164"]
[EventCountry "GER"]
[EventRounds "9"]
[EventType "swiss"]
[EventDate "2017.06.03"]

1. c4 e5 2. Nc3 Nc6 3. Nf3 g6 4. g3 Bg7 5. Bg2 d6 6. O-O Be6 7. d3 h6 8. Rb1
Qd7 9. b4 Bh3 10. b5 Nd8 11. Bxh3 Qxh3 12. Nd5 Qd7 13. e4 Ne7 14. Be3 O-O 15.
Bxh6 Nxd5 16. Bxg7 Nc3 17. Qd2 Kxg7 18. Qxc3 Ne6 19. d4 f6 20. dxe5 fxe5 21.
Nh4 Nd4 22. Qe3 Qg4 23. Kg2 g5 24. f3 Qh5 25. Nf5+ Nxf5 26. exf5 Rh8 27. Rh1
Qh3+ 28. Kf2 Qxf5 29. Qe4 Qxe4 30. fxe4 Raf8+ 31. Ke3 Rf6 32. h4 gxh4 33. gxh4
Rhf8 34. Rbg1+ Kh7 35. Rg3 Rf2 36. Rhg1 R8f7 37. R1g2 Rxg2 38. Rxg2 Rf4 39. h5
Rh4 40. Rf2 Rxh5 41. Rf7+ Kg6 42. Rxc7 Rh3+ 43. Kd2 Rh7 44. Rc8 Rh2+ 45. Kc3
Rxa2 46. Rc7 b6 47. Rd7 Kf6 48. Rxd6+ Ke7 49. Rd5 Ke6 50. c5 bxc5 51. Rxc5 Kd6
52. Rd5+ Ke6 53. Rc5 Kd6 54. Rc6+ Kd7 55. Kb4 Re2 56. Ra6 Rxe4+ 57. Kc5 Kc7 58.
Rxa7+ Kb8 59. Re7 Re1 60. Kd5 1/2-1/2